| 000 | 00823nam a2200265 i 4500 | ||
|---|---|---|---|
| 001 | 94389 | ||
| 003 | ES-MaACL | ||
| 005 | 20251003185048.0 | ||
| 007 | t| | ||
| 008 | 050429s1974 sp ||||1| spa d | ||
| 080 | _a159.95 | ||
| 080 | _a159.929 | ||
| 100 | 1 |
_aLorenz, Konrad. _974127 |
|
| 245 | 1 | 3 |
_aLa otra cara del espejo _b: ensayo para una historia natural del saber humano / _cKonrad Lorenz ; [traducción de Manuel Vázquez]. |
| 250 | _a1ª ed. | ||
| 260 |
_aEsplugas de Llobregat : _bPlaza & Janés, _c1974. |
||
| 300 |
_a280 p. ; _c23 cm. |
||
| 490 | 1 | _aTribuna | |
| 650 | 7 |
_aPsicología comparada _2embne _916556 |
|
| 650 | 4 |
_aProcesos cognitivos. _916440 |
|
| 700 | 1 |
_aVázquez Tomás, Manuel _9113375 |
|
| 830 | 1 |
_aTribuna _9181406 |
|
| 852 |
_aES-MaACL _jE-9377 |
||
| 999 |
_c94389 _d94389 |
||